<?xml version="1.0" encoding="UTF-8"?>
<record
    xmlns:xsi="http://www.w3.org/2001/XMLSchema-instance"
    xsi:schemaLocation="http://www.loc.gov/MARC21/slim http://www.loc.gov/standards/marcxml/schema/MARC21slim.xsd"
    xmlns="http://www.loc.gov/MARC21/slim">

  <leader>00846nam a2200253 a 4500</leader>
  <controlfield tag="001">BRL_714</controlfield>
  <controlfield tag="005">20190320210850.0</controlfield>
  <controlfield tag="008">300913s1880----gw-a######---#000-0#ger-#</controlfield>
  <datafield tag="041" ind1=" " ind2=" ">
    <subfield code="a">ger</subfield>
  </datafield>
  <datafield tag="044" ind1=" " ind2=" ">
    <subfield code="a">gw</subfield>
  </datafield>
  <datafield tag="050" ind1=" " ind2="4">
    <subfield code="a">ML50.M623</subfield>
    <subfield code="b">.M49 1880</subfield>
  </datafield>
  <datafield tag="100" ind1="1" ind2=" ">
    <subfield code="a">Meyerbeer, Giacomo</subfield>
    <subfield code="d">1791-1864</subfield>
    <subfield code="9">24719</subfield>
  </datafield>
  <datafield tag="245" ind1="1" ind2="0">
    <subfield code="a">Die Hugenotten</subfield>
    <subfield code="b">grosse oper in f&#xFC;nf aufz&#xFC;gen</subfield>
    <subfield code="c">von Giacomo Meyerbeer; Dichtung von Eugene Scribe und Emile Deschamps.</subfield>
  </datafield>
  <datafield tag="260" ind1=" " ind2=" ">
    <subfield code="a">Leipzig</subfield>
    <subfield code="b">P. Reclam jun</subfield>
    <subfield code="c">1880</subfield>
  </datafield>
  <datafield tag="300" ind1=" " ind2=" ">
    <subfield code="a">143 p.</subfield>
    <subfield code="b">il.</subfield>
    <subfield code="c">15 cm.</subfield>
  </datafield>
  <datafield tag="440" ind1=" " ind2="0">
    <subfield code="a">Reclams universal Bibliothek</subfield>
    <subfield code="v">Nr. 3651</subfield>
    <subfield code="9">24720</subfield>
  </datafield>
  <datafield tag="500" ind1=" " ind2=" ">
    <subfield code="a">Au808</subfield>
  </datafield>
  <datafield tag="650" ind1="1" ind2="4">
    <subfield code="a">Operas</subfield>
    <subfield code="9">24721</subfield>
  </datafield>
  <datafield tag="651" ind1=" " ind2="4">
    <subfield code="a">Francia</subfield>
    <subfield code="v">Drama</subfield>
    <subfield code="x">Historia</subfield>
    <subfield code="y">Las guerras de los hugonotes, 1562-1598</subfield>
    <subfield code="9">24722</subfield>
  </datafield>
  <datafield tag="700" ind1="1" ind2=" ">
    <subfield code="a">Deschamps, Emile</subfield>
    <subfield code="d">1791-1871</subfield>
    <subfield code="9">24723</subfield>
  </datafield>
  <datafield tag="700" ind1="1" ind2=" ">
    <subfield code="a">Scribe, Eugene</subfield>
    <subfield code="d">1791-1861</subfield>
    <subfield code="9">24724</subfield>
  </datafield>
  <datafield tag="902" ind1=" " ind2=" ">
    <subfield code="a">GRL</subfield>
  </datafield>
  <datafield tag="942" ind1=" " ind2=" ">
    <subfield code="2">lcc</subfield>
    <subfield code="c">B</subfield>
  </datafield>
  <datafield tag="999" ind1=" " ind2=" ">
    <subfield code="c">9526</subfield>
    <subfield code="d">9526</subfield>
  </datafield>
  <datafield tag="952" ind1=" " ind2=" ">
    <subfield code="0">0</subfield>
    <subfield code="1">0</subfield>
    <subfield code="4">0</subfield>
    <subfield code="7">0</subfield>
    <subfield code="a">BRL</subfield>
    <subfield code="b">BRL</subfield>
    <subfield code="d">2013-09-30</subfield>
    <subfield code="i">Au808</subfield>
    <subfield code="l">0</subfield>
    <subfield code="o">ML50.M623 .M49 1880 (Au808)</subfield>
    <subfield code="p">GRL00784</subfield>
    <subfield code="r">2019-03-22 00:00:00</subfield>
    <subfield code="w">2019-03-22</subfield>
    <subfield code="y">B</subfield>
  </datafield>
</record>
